Elements of company law / (Record no. 39781)

MARC details
000 -LEADER
fixed length control field 00707nam a22002057a 4500
005 - DATE AND TIME OF LATEST TRANSACTION
control field 20100806142110.0
010 ## - LCCN (DPL NO)
LC control number ENG-98611
020 ## - INTERNATIONAL STANDARD BOOK NUMBER
International Standard Book Number 9789380342078
Terms of availability 90.00
035 ## - SYSTEM CONTROL NUMBER
System control number EN-82144
037 ## - SOURCE OF ACQUISITION
Source of stock number/acquisition DBAD/PUB
082 ## - DEWEY DECIMAL CLASSIFICATION NUMBER
Classification number 346.54066
100 ## - MAIN ENTRY--PERSONAL NAME
Personal name Selvam, P.
245 ## - TITLE STATEMENT
Title Elements of company law /
Statement of responsibility, etc by P. Selvam
260 ## - PUBLICATION, DISTRIBUTION, ETC. (IMPRINT)
Place of publication, distribution, etc Thanjavur
Name of publisher, distributor, etc Akaram
Date of publication, distribution, etc 2009
270 ## - ADDRESS
Address Plot No. 1, Nirmala Nagar
City Thanjavur
Postal code 613007
300 ## - PHYSICAL DESCRIPTION
Extent 107p.
Dimensions 21cm (pbk)
500 ## - GENERAL NOTE
General note Includes bibliographical references
942 ## - ADDED ENTRY ELEMENTS (KOHA)
Source of classification or shelving scheme Dewey Decimal Classification
Item type English Books
Classification part 346.54066
Call number suffix SEL
Holdings
Withdrawn status Lost status Not for loan Collection code Home library Current library Date acquired Source of acquisition Cost, normal purchase price Full call number Barcode Copy number Cost, replacement price Koha item type
    Not For Loan Non-fiction D.B.Act.Division D.B.Act.Division 06/08/2010 DBAD/PUB 90.00 346.54066 SEL EN-82144 1 90.00 English Books

© Delhi Public Library
Hit Counter
free hit counter